Normal view MARC view

Entry Personal Name

Number of records used in: 2

001 - CONTROL NUMBER

  • control field: 8621

003 - CONTROL NUMBER IDENTIFIER

  • control field: DLC

005 - DATE AND TIME OF LATEST TRANSACTION

  • control field: 20210702114835.0

008 - FIXED-LENGTH DATA ELEMENTS

  • fixed length control field: 800911n| acannaab| |a aaa |||

010 ## - LIBRARY OF CONGRESS CONTROL NUMBER

  • LC control number: n 80116157

040 ## - CATALOGING SOURCE

  • Original cataloging agency: DLC
  • Transcribing agency: DLC
  • Modifying agency: DLC

100 10 - HEADING--PERSONAL NAME

  • Personal name: Brannan, D. A.

400 10 - SEE FROM TRACING--PERSONAL NAME

  • Personal name: Brannan, David A.

670 ## - SOURCE DATA FOUND

  • Source citation: Aspects of contemporary complex analysis, 1980 (a.e.)
  • Information found: CIP t.p. (D.A. Brannan) p. following t.p. (Open Univ., Milton Keynes, U.K.)

670 ## - SOURCE DATA FOUND

  • Source citation: Geometry, 1998:
  • Information found: CIP t.p. (David A. Brannan; Open Univ.)

Powered by Koha